Central Library || Chittagong University

Studies in Muslim philosophy ./ (Record no. 111277)

MARC details
000 -LEADER
fixed length control field 00478nam a22001697a 4500
003 - CONTROL NUMBER IDENTIFIER
control field BD-ChCU
005 - DATE AND TIME OF LATEST TRANSACTION
control field 20260126120420.0
008 - FIXED-LENGTH DATA ELEMENTS--GENERAL INFORMATION
fixed length control field 260126b bg ||||| |||| 00| 0 ben d
040 ## - CATALOGING SOURCE
Transcribing agency BD-ChCU
082 ## - DEWEY DECIMAL CLASSIFICATION NUMBER
Classification number 297.01 SAS
100 ## - MAIN ENTRY--PERSONAL NAME
Personal name Syed Shaikh M.
9 (RLIN) 19690
245 ## - TITLE STATEMENT
Title Studies in Muslim philosophy ./
Statement of responsibility, etc. M. Shaikh Syed .
260 ## - PUBLICATION, DISTRIBUTION, ETC.
Place of publication, distribution, etc. Lahore :
Name of publisher, distributor, etc. Pakistan philosophical Congress
Date of publication, distribution, etc. C 1962
300 ## - PHYSICAL DESCRIPTION
Extent xi , 235p.
650 #0 - SUBJECT ADDED ENTRY--TOPICAL TERM
Topical term or geographic name entry element Islam - Philosophy .
9 (RLIN) 19691
942 ## - ADDED ENTRY ELEMENTS (KOHA)
Source of classification or shelving scheme Dewey Decimal Classification
Koha item type Books
Suppress in OPAC No
Holdings
Withdrawn status Lost status Source of classification or shelving scheme Damaged status Not for loan Home library Current library Shelving location Date acquired Source of acquisition Total Checkouts Full call number Barcode Date last seen Copy number Price effective from Koha item type
    Dewey Decimal Classification     Chittagong University Library Philosophy Seminar Library Arts and Humanities Reading Room 01/26/2026 Purchase   297.01 SAS 1399 01/26/2026 C-1 01/26/2026 Books
© Copyright 2025. Chittagong University Library, Installation and Maintenance by Prof. Dr. Md. Alamgir, 01711306253